| Tag |
First Indicator |
Second Indicator |
Subfields |
| LEADER |
00000cam a22000007a 4500 |
| 001 |
in00000001386 |
| 005 |
20151007050421.0 |
| 008 |
980917s1998 xxu f000 0 eng d |
| 035 |
|
|
|a (OCoLC)
|
| 035 |
|
|
|a tmp97130668
|
| 035 |
|
|
|9 AJB2926AM
|
| 040 |
|
|
|a MvI
|c MvI
|d UtOrBLW
|
| 049 |
|
|
|a UDOC
|
| 074 |
|
|
|a 0624-H
|
| 086 |
0 |
|
|a I 19.76:98-138
|
| 245 |
0 |
0 |
|a Sea Floor Topographic Map and Perspective-View Imagery of Quadrangles 1-18, Stellwagen Bank National, etc., U.S. Geological Survey Open-File Report 98-138, 1998, (CD-ROM).
|
| 264 |
|
1 |
|a [Place of publication not identified] :
|b [publisher not identified],
|c [1998?]
|
| 336 |
|
|
|a text
|b txt
|2 rdacontent
|
| 337 |
|
|
|a unmediated
|b n
|2 rdamedia
|
| 338 |
|
|
|a volume
|b nc
|2 rdacarrier
|
| 500 |
|
|
|a Shipping List #: 98-0072-e
|
| 500 |
|
|
|a Shipping List Date: 09/14/98
|
| 710 |
2 |
|
|a Geological Survey (U.S.)
|
| 999 |
|
|
|a MARS
|
| 999 |
f |
f |
|s f710887e-743e-3cdf-8c0a-4f98ef1178f6
|i 62cd8e27-ff90-38e1-a554-a7622318b19c
|t 0
|
| 952 |
f |
f |
|p normal
|a Texas A&M University
|b College Station
|c Sterling C. Evans Library
|d Evans: US Documents (Annex 5th floor)
|t 0
|e I 19.76:98-138
|h Superintendent of Documents classification
|i unmediated -- volume
|m A14824390539
|
| 998 |
f |
f |
|a I 19.76:98-138
|t 0
|l Evans: US Documents (Annex 5th floor)
|